|
|
|
|
| LEADER |
01423nam a22003614a 4500 |
| 001 |
EBC234256 |
| 003 |
MiAaPQ |
| 005 |
20200520144314.0 |
| 006 |
m o d | |
| 007 |
cr cn||||||||| |
| 008 |
020716s2003 nju sb 001 0 eng |
| 020 |
|
|
|z 0805843841 (alk. : paper)
|
| 035 |
|
|
|a (MiAaPQ)EBC234256
|
| 035 |
|
|
|a (Au-PeEL)EBL234256
|
| 035 |
|
|
|a (CaPaEBR)ebr10084583
|
| 035 |
|
|
|a (CaONFJC)MIL588692
|
| 035 |
|
|
|a (OCoLC)475940879
|
| 040 |
|
|
|a MiAaPQ
|c MiAaPQ
|d MiAaPQ
|
| 050 |
|
4 |
|a HF5549.5.A83
|b S65 2003
|
| 082 |
0 |
4 |
|a 658.3/007/23
|2 21
|
| 100 |
1 |
|
|a Smith, Frank J.,
|d 1927-
|
| 245 |
1 |
0 |
|a Organizational surveys
|h [electronic resource] :
|b the diagnosis and betterment of organizations through their members /
|c Frank J. Smith.
|
| 260 |
|
|
|a Mahwah, N.J. :
|b Lawrence Erlbaum Associates,
|c 2003.
|
| 300 |
|
|
|a xxv, 274 p.
|
| 490 |
1 |
|
|a Series in applied psychology
|
| 504 |
|
|
|a Includes bibliographical references (p. 263-268) and indexes.
|
| 533 |
|
|
|a Electronic reproduction. Ann Arbor, MI : ProQuest, 2015. Available via World Wide Web. Access may be limited to ProQuest affiliated libraries.
|
| 650 |
|
0 |
|a Employee attitude surveys.
|
| 650 |
|
0 |
|a Organizational effectiveness
|x Evaluation.
|
| 655 |
|
4 |
|a Electronic books.
|
| 710 |
2 |
|
|a ProQuest (Firm)
|
| 830 |
|
0 |
|a Series in applied psychology.
|
| 856 |
4 |
0 |
|u https://ebookcentral.proquest.com/lib/matrademy/detail.action?docID=234256
|z Click to View
|